[Event "FRA-ch U16"]
[Site "Montlucon"]
[Date "2011.04.17"]
[Round "1"]
[White "Aubry, Yannis"]
[Black "Burmonas, Romain"]
[Result "1-0"]
[WhiteElo "2078"]
[BlackElo "1813"]
[PlyCount "65"]
[EventDate "2011.04.17"]
[EventType "swiss"]
[EventRounds "9"]
[EventCountry "FRA"]
[SourceTitle "CBM 142 Extra"]
[Source "ChessBase"]
[SourceDate "2011.06.27"]
[SourceVersion "1"]
[SourceVersionDate "2011.06.27"]
[SourceQuality "1"]

1. d4 d5 2. c4 c6 3. Nf3 e6 4. Qc2 Nf6 5. Nbd2 Nbd7 6. e4 dxe4 7. Nxe4 Nxe4 8. Qxe4 Nf6 9. Qh4 Bd7 10. Bd3 Bb4+ 11. Bd2 Bxd2+ 12. Nxd2 Qc7 13. 0-0 h6 14. c5 Nd5 15. f4 0-0 16. Rf3 Kh8 17. Raf1 Qa5 18. Nc4 Qb4 19. g4 b5 20. a3 Qa4 21. b3 Qxb3 22. Ne5 Be8 23. g5 Qb2 24. f5 exf5 25. Bxf5 Qd2 26. gxh6 Qxh6 27. Qf2 Kg8 28. Rh3 Qg5+ 29. Kh1 Ne7 30. Bh7+ Kh8 31. Be4+ Kg8 32. Rg1 Qf6 33. Qxf6 1-0

[Event "FRA-ch U14"]
[Site "Troyes"]
[Date "2010.04.12"]
[Round "2"]
[White "Burmonas, Romain"]
[Black "Malka, Samuel"]
[Result "0-1"]
[WhiteElo "1731"]
[BlackElo "1919"]
[PlyCount "72"]
[EventDate "2010.04.11"]
[EventType "swiss"]
[EventRounds "9"]
[EventCountry "FRA"]
[SourceTitle "EXT 2012"]
[Source "ChessBase"]
[SourceDate "2011.11.24"]
[SourceVersion "1"]
[SourceVersionDate "2011.11.24"]
[SourceQuality "1"]

1. e4 c5 2. Nc3 Nc6 3. f4 e6 4. Nf3 Nf6 5. Bc4 d5 6. e5 dxc4 7. exf6 Qxf6 8. d3 cxd3 9. Qxd3 Be7 10. Be3 0-0 11. 0-0-0 b6 12. g4 Rd8 13. Qe2 Nd4 14. Nxd4 cxd4 15. Ne4 Qg6 16. Bxd4 Bb7 17. Rhe1 Qxe4 18. Qxe4 Bxe4 19. Rxe4 Rd7 20. c3 Rad8 21. Re2 Bd6 22. Rf2 Bc5 23. Rfd2 Bxd4 24. Rxd4 Rxd4 25. Rxd4 Rxd4 26. cxd4 Kf8 27. Kc2 Ke7 28. Kd3 Kd6 29. Ke4 f6 30. h4 Kc6 31. g5 Kd6 32. gxf6 gxf6 33. f5 e5 34. dxe5+ fxe5 35. h5 b5 36. h6 a5 0-1

[Event "Marseille op 2nd "]
[Site "Marseille"]
[Date "2009.12.27"]
[Round "4"]
[White "Derige Kane, Yan"]
[Black "Burmonas, Romain"]
[Result "0-1"]
[WhiteElo "1330"]
[BlackElo "1661"]
[PlyCount "48"]
[EventDate "2009.12.26"]
[EventType "swiss"]
[EventRounds "9"]
[EventCountry "FRA"]
[SourceTitle "CBM 134 Extra"]
[Source "ChessBase"]
[SourceDate "2010.03.03"]
[SourceVersion "1"]
[SourceVersionDate "2010.03.03"]
[SourceQuality "1"]

1. d4 d5 2. Bf4 e6 3. Nf3 Bd6 4. Ne5 Nd7 5. e3 Ngf6 6. Bd3 Qe7 7. Nd2 c6 8. 0-0 h6 9. c3 g5 10. Bg3 h5 11. h3 Rg8 12. Bh2 g4 13. h4 Rg7 14. c4 Bc7 15. c5 Nxe5 16. Bxe5 Bxe5 17. dxe5 Nd7 18. b4 Nxe5 19. Be2 Qxh4 20. b5 g3 21. fxg3 Qxg3 22. Rf2 h4 23. Qf1 h3 24. Nf3 Ng4 0-1

[Event "Marseille op 2nd "]
[Site "Marseille"]
[Date "2009.12.26"]
[Round "1"]
[White "Burmonas, Romain"]
[Black "Daurelle, Herve"]
[Result "0-1"]
[WhiteElo "1661"]
[BlackElo "2222"]
[PlyCount "56"]
[EventDate "2009.12.26"]
[EventType "swiss"]
[EventRounds "9"]
[EventCountry "FRA"]
[SourceTitle "CBM 134 Extra"]
[Source "ChessBase"]
[SourceDate "2010.03.03"]
[SourceVersion "1"]
[SourceVersionDate "2010.03.03"]
[SourceQuality "1"]

1. e4 e5 2. Nc3 Nf6 3. Bc4 Nxe4 4. Bxf7+ Kxf7 5. Nxe4 d5 6. Ng3 Nc6 7. d3 Bc5 8. Nf3 Rf8 9. Be3 Bxe3 10. fxe3 Kg8 11. Qe2 Bg4 12. 0-0-0 a5 13. Rdf1 a4 14. a3 b5 15. h3 Be6 16. c3 e4 17. dxe4 dxe4 18. Nd2 Qd5 19. Rf4 Ne5 20. Rxe4 Nd3+ 21. Kc2 Nf2 22. Rd4 Qe5 23. Rf1 Qxg3 24. Rf4 Rxf4 25. exf4 Bf5+ 26. Kc1 Nd3+ 27. Kd1 Nxb2+ 28. Kc1 Qxc3# 0-1